Guatemala: la inserción laboral de los pobres en la economía urbana de la ciudad /
Na minha lista:
| Autor principal: | |
|---|---|
| Formato: | Texto |
| Assuntos: | |
| Tags: |
Adicionar Tag
Sem tags, seja o primeiro a adicionar uma tag!
|
MARC
| LEADER | 00000 a a2200000 04500 | ||
|---|---|---|---|
| 001 | 44961 | ||
| 003 | |||
| 040 | |||
| 100 | |a López Rivera, Oscar | ||
| 245 | |a Guatemala: |b la inserción laboral de los pobres en la economía urbana de la ciudad / |c Oscaar López Rivera | ||
| 650 | |a ZONAS URBANAS | ||
| 650 | |a POBREZA | ||
| 650 | |a OCUPACIONES | ||
| 650 | |a MERCADO DE TRABAJO | ||
| 650 | |a CONDICIONES DE TRABAJO | ||
| 650 | |a GUATEMALA | ||
| 650 | |a CONDICIONES DE LA VIVIENDA | ||
| 650 | |a OCUPACIONES | ||
| 773 | |g páginas 157-189 | ||
| 999 | |c 34725 |d 34725 | ||
